Ανάλυση των χρηματοοικονομικών δεικτών των ελληνικών εισηγμένων επιχειρήσεων για την περίοδο 2002-2006 : [διπλωματική εργασία]

Αποθηκεύτηκε σε:
Λεπτομέρειες βιβλιογραφικής εγγραφής
Κύριος συγγραφέας: Φύκαρης, Ιωάννης
Συγγραφή απο Οργανισμό/Αρχή: Πανεπιστήμιο Αιγαίου Σχολή Επιστημών της Διοίκησης Τμήμα Διοίκησης Επιχειρήσεων Πρόγραμμα Μεταπτυχιακών Σπουδών στη Διοίκηση Επιχειρήσεων - M.B.A
Άλλοι συγγραφείς: Σάμιτας, Αριστείδης (Εισηγητής διατριβής), Μπεκιάρης, Μιχάλης (Εισηγητής διατριβής)
Μορφή: Thesis Βιβλίο
Γλώσσα:Greek
Δημοσίευση: 2007
Θέματα:
Διαθέσιμο Online:http://hdl.handle.net/11610/13307
Ετικέτες: Προσθήκη ετικέτας
Δεν υπάρχουν, Καταχωρήστε ετικέτα πρώτοι!

MARC

LEADER 00000cam a2200000 i 4500
001 1/46647
008 070622s2007 gre d
035 |l 10088431 
040 |a GR-MY-UA  |b gre  |e aacr 
041 0 |a gre 
082 0 |a 657.3  |2 (22) 
100 1 |a Φύκαρης, Ιωάννης. 
245 1 0 |a Ανάλυση των χρηματοοικονομικών δεικτών των ελληνικών εισηγμένων επιχειρήσεων για την περίοδο 2002-2006 :  |b [διπλωματική εργασία] /  |c Φύκαρης Ιωάννης ; υπεύθυνοι καθηγητές Σάμιτας Αριστείδης, Μπεκιάρης Μιχαήλ 
260 |c 2007 
300 |a 70 σ.;  |b διαγρ., πίν.;  |c 30 εκ. 
502 |a Διατριβή (μεταπτυχιακή) – Πανεπιστήμιο Αιγαίου, Χίος, 2007. 
504 |a Περιλαμβάνει βιβλιογραφία 
610 2 0 |a Πανεπιστήμιο Αιγαίου. 
650 0 0 |a Financial statements  |z Greece. 
650 0 0 |a Business enterprises  |z Greece  |x Finance. 
650 0 0 |a Dissertations, Academic  |z Greece. 
700 1 |a Σάμιτας, Αριστείδης.  |4 ths 
700 0 |4 ths  |a Μπεκιάρης, Μιχάλης. 
710 1 |a Πανεπιστήμιο Αιγαίου  |b Σχολή Επιστημών της Διοίκησης  |b Τμήμα Διοίκησης Επιχειρήσεων  |b Πρόγραμμα Μεταπτυχιακών Σπουδών στη Διοίκηση Επιχειρήσεων - M.B.A. 
852 |a INST  |b CHIOS  |c DIATR  |e 20070622  |h 657.3 ΦΥΚ  |p 005200026177  |q 005200026177  |t MTXE  |y 23 
852 |a INST  |b CHIOS  |c DIATR  |e 20070622  |h 657.3 ΦΥΚ  |p 005200026178  |q 005200026178  |t MTXE  |y 23 
856 |u http://hdl.handle.net/11610/13307 
901 |a BIBL2-2007-2 
909 |a Χ  |b 131089 
909 |a Χ  |b 131090 
924 |a Φύκαρης  |b Ιωάννης  |y Χίος  |z 2007-06 
970 |a Βασιλάκη  |b Νίκη  |z 2007/06/22